Score 0/11 Timer 01:00
0 Plays Today
Clue 4-Letter Word % Correct
The number of cardinal directions there areFOUR
98.7%
To rain very hardPOUR
98.4%
This flower by any other name would smell just as sweetROSE
93%
To stand in a specific way, as a model might doPOSE
92.5%
A type of alcohol made commonly from grapesWINE
91.9%
To ascendRISE
90.8%
To show displeasure through a sullen attitudePOUT
88.6%
A piece of upright metal or timber; The type of office that deals exclusively with mailPOST
88%
A description for someone with wide breadth of knowledge and insightful judgementWISE
86.3%
A sum of money imposed as punishment for an offenseFINE
83.9%
[Rung 1] plus 1FIVE
79.1%

Today's Daily Dose

You're not logged in!

Compare scores with friends on all Sporcle quizzes.
OR
Log In

Sporcle TV

Today on Sporcle TV


Watch our educational content, quiz creation guides, and fun videos on Sporcle TV.

Show Comments

Extras

Top Quizzes Today


Score Distribution

Your Account Isn't Verified!

In order to create a playlist on Sporcle, you need to verify the email address you used during registration. Go to your Sporcle Settings to finish the process.

Report this User

Report this user for behavior that violates our Community Guidelines.

Details: